| 000 | 00929cad a22002055a 4500 | ||
|---|---|---|---|
| 001 | L157011 | ||
| 008 | 120810s2012 xxk f 000 0 eng d | ||
| 035 | _a(Sirsi) u157011 | ||
| 041 | 0 | _aeng | |
| 110 | 2 |
_aUnited Kingdom _bDepartment of Energy and Climate Change _95850 |
|
| 245 | 0 | 0 |
_aGreen Deal Provider Authorisation _bGuidance for Applicants _h[electronic resource] |
| 260 |
_aLondon _bDECC _c2012 |
||
| 520 | _aGives step by step practical guidance on how to set up as a Green Deal Provider. Includes information on applying for authorisation, pre-assessment questionnaire and evidence of competency. | ||
| 590 | _aKA NTK | ||
| 651 | 4 | _aUnited Kingdom | |
| 690 |
_aSustainability _96271 |
||
| 690 |
_aEnergy _96237 |
||
| 856 | 4 | 0 |
_uhttps://www.decc.gov.uk/assets/decc/11/tackling-climate-change/green-deal/6068-green-deal-provider-guidance-authorisation-.pdf _zView the item free of charge at www.decc.gov.uk |
| 942 | _n0 | ||
| 999 |
_c114541 _d114541 |
||